The Structure of Molecules: an intruduction to molecular spectrocopy
| Main Author: | |
|---|---|
| Format: | Section = Libro |
| Language: | Undetermined Spanish |
| Published: |
United States
Benjamin Published
1963
|
| Subjects: |
| LEADER | 00566nam a2200193Ia 4500 | ||
|---|---|---|---|
| 008 | 240830s9999 xx 000 0 und d | ||
| 020 | |a 0-8053-0521-1 | ||
| 040 | |a CEDOC FIQ-RUSB / 570 B278 | ||
| 041 | |a spa | ||
| 082 | |a 570 B278 | ||
| 100 | 1 | |a Barrow, Gordon M. | |
| 245 | 1 | 4 | |a The Structure of Molecules: an intruduction to molecular spectrocopy |
| 260 | |a United States |b Benjamin Published |c 1963 | ||
| 300 | |a 156 p.: il. | ||
| 650 | 7 | |a CIENCIAS BIOLÓGICAS | |
| 650 | 7 | |b RADIACIÓN Y ENERGÍAS DE LAS MOLÉCULAS | |
| 942 | |c BK |2 ddc | ||
| 991 | |a TEXTO | ||
| 999 | |c 27117 | ||